00572nam a2200169Ia 4500008004100000020001800041041000800059082001500067100002100082245008600103250000600189260003600195300000800231650002000239999001900259952012400278210716s2006 xx 000 0 und d a9780761934707 aeng a174.4 GUPD aGupta, Dipankar. aEthics incorporated: top priority and bottom line.bTop priority and bottom line. a1 aNew DelhibResponse Booksc2006 a203 aBusiness Ethics c205924d205924 001040708MBAaAIMITbAIMITd2010-12-15g695.00l0o174.4 GUPDpMBA08490r2026-05-23 00:00:00v521.25w2021-07-16yBK